000 00399nam a22001337a 4500
003 SGT
020 _a9789352961832
082 _a891.4309
_bG18S
100 _aसदैव, शशिकांत
245 _aगाय गंगा गौरी : हैं हमारी जिम्मेदारी
260 _bडायमंड बुक्स
_c2018
300 _a205
942 _2ddc
_cBK
999 _c30033
_d30033